Liste des 23 - Equipe de France - Coupe du monde 2010 - Statistiques

Statistiques générales
  • Ce quiz a été pris 618 fois
  • Le résultat moyen est 18 sur 24
Statistiques - réponses
Poste Numéro Joueurs Club % Correct
G 1 Hugo Lloris Olympique lyonnais
99%
G 16 Steve Mandanda Olympique de Marseille
99%
DG 13 Patrice Évra Manchester United
96%
MG 7 Franck Ribéry Bayern Munich
95%
BU 12 Thierry Henry FC Barcelone
95%
BU 21 Nicolas Anelka Chelsea FC
89%
MOC 8 Yoann Gourcuff Girondins de Bordeaux
89%
DC 3 Éric Abidal FC Barcelone
88%
DD 2 Bacary Sagna Arsenal FC
82%
MG 15 Florent Malouda Chelsea FC
82%
BU 11 André-Pierre Gignac Toulouse FC
78%
SEL / Raymond Domenech /
78%
G 23 Cédric Carrasso Girondins de Bordeaux
76%
BU 9 Djibril Cissé Panathinaïkos
73%
MOC 20 Mathieu Valbuena Olympique de Marseille
73%
MDC 14 Jérémy Toulalan Olympique lyonnais
68%
DG 22 Gaël Clichy Arsenal FC
67%
DC 5 William Gallas Arsenal FC
66%
MC 18 Alou Diarra Girondins de Bordeaux
62%
DD 4 Anthony Réveillère Olympique lyonnais
62%
MDC 19 Abou Diaby Arsenal FC
60%
MOC 10 Sidney Govou Olympique lyonnais
56%
DC 6 Marc Planus Girondins de Bordeaux
46%
DC 17 Sébastien Squillaci Séville FC
36%
Aucun quiz correspondant
Distribution des résultats
% des personnes avec chaque résultat
Percentile par nombre de réponses
Votre historique - résultats
Vous n’avez pas pris ce quiz